000 00262nam a22000977a 4500
008 230714b |||||||| |||| 00| 0 eng d
020 _a9780061240201
100 _aHUNTER ERIN
_97697
245 _aWARRIORS (THE LOST WARRIOR)-1
260 _aLOS ANGELES
_bTOKYOPOP
_c2000
999 _c12373
_d12373